| 000 | 01161nam a22002297i 4500 | ||
|---|---|---|---|
| 999 |
_c23332 _d23332 |
||
| 003 | AR-CdUCM | ||
| 008 | 250722b20172017 pe||||| |||| 00| 0 spa d | ||
| 040 |
_aMUNICIPALIDAD PROVINCIAL DEL CUSCO _cBIBLIOTECA MUNICIPAL DEL CUSCO |
||
| 041 | _hspa | ||
| 082 |
_a363.379 / M1 _bM1 |
||
| 110 |
_aServicio Natural de Áreas Naturales Protegidas por el Estado SERNANP _951265 |
||
| 245 | _aManual Curso Bomberos Forestales : | ||
| 260 |
_aCusco : _bSENANP _c2017 |
||
| 300 |
_a92 páginas. : _bIlustraciones _c22x20 cm. |
||
| 505 | _aManejo integral del fuego y la problemática de los incendios forestales -- El fuego y su comportamiento en un incendio forestal -- La fusión y la organización del Bombero forestal -- Seguridad personal | ||
| 650 |
_aIncendios forestales _951266 |
||
| 650 |
_aFuego _951267 |
||
| 650 |
_aLa gran triada _951268 |
||
| 650 |
_a _951269 |
||
| 942 |
_2ddc _cLIBROS |
||
| 945 |
_apbjr _d22-07-2025 |
||